| 000 -LEADER |
| fixed length control field |
01747 a2200289 4500 |
| 003 - CONTROL NUMBER IDENTIFIER |
| control field |
OSt |
| 005 - DATE AND TIME OF LATEST TRANSACTION |
| control field |
20180116192328.0 |
| 008 - FIXED-LENGTH DATA ELEMENTS--GENERAL INFORMATION |
| fixed length control field |
120420t xxu||||| |||| 00| 0 eng d |
| 010 ## - LIBRARY OF CONGRESS CONTROL NUMBER |
| LC control number |
2004556876 |
| 020 ## - INTERNATIONAL STANDARD BOOK NUMBER |
| International Standard Book Number |
0750659343 |
| 035 ## - SYSTEM CONTROL NUMBER |
| System control number |
(OCoLC)ocm53392344 |
| 040 ## - CATALOGING SOURCE |
| Transcribing agency |
0 |
| 082 00 - DEWEY DECIMAL CLASSIFICATION NUMBER |
| Classification number |
307.1216 |
| 100 1# - MAIN ENTRY--PERSONAL NAME |
| Personal name |
Walters, David |
| 9 (RLIN) |
945 |
| 245 10 - TITLE STATEMENT |
| Title |
Design first : |
| Remainder of title |
design-based planning for communities / |
| Statement of responsibility, etc. |
David Walters, Linda Brown. |
| 260 ## - PUBLICATION, DISTRIBUTION, ETC. |
| Place of publication, distribution, etc. |
Oxford : |
| Name of publisher, distributor, etc. |
Architectural, |
| Date of publication, distribution, etc. |
2004. |
| 300 ## - PHYSICAL DESCRIPTION |
| Extent |
x, 288 p. : |
| Other physical details |
ill. (some col.), maps (some col.) ; |
| Dimensions |
25 cm. |
| 500 ## - GENERAL NOTE |
| General note |
Includes bibliographycal description |
| 505 0# - FORMATTED CONTENTS NOTE |
| Formatted contents note |
Introduction : history, theory, and contemporary practice -- Paradigms lost and found : dilemmas of the Anglo-American city -- Cities, suburbs, and sprawl -- Traditional urbanism : new urbanism and smart growth -- Devices and designs : sources of good urbanism -- Growth management, development control, and the role of urban design -- Urban design in the real world -- The region, case study 1 : CORE, North Carolina -- The city, case study 2 : city of Raleigh, NC Arena small area plan -- The town, case study 3 : Mooresville, North Carolina -- The neighborhood, case study 4 : Haynie-Sirrine Neighborhood, Greenville, South Carolina -- The block, case study 5 : town center, Cornelius, North Carolina. |
| 650 #0 - SUBJECT ADDED ENTRY--TOPICAL TERM |
| Topical term or geographic name entry element |
City planning. |
| 9 (RLIN) |
946 |
| 650 #0 - SUBJECT ADDED ENTRY--TOPICAL TERM |
| Topical term or geographic name entry element |
City planning |
| Geographic subdivision |
United States. |
| 9 (RLIN) |
947 |
| 700 1# - ADDED ENTRY--PERSONAL NAME |
| Personal name |
Brown, Linda |
| 9 (RLIN) |
948 |
| 856 41 - ELECTRONIC LOCATION AND ACCESS |
| Materials specified |
Table of contents |
| Uniform Resource Identifier |
<a href="http://www.loc.gov/catdir/toc/els051/2004556876.html">http://www.loc.gov/catdir/toc/els051/2004556876.html</a> |
| 856 41 - ELECTRONIC LOCATION AND ACCESS |
| Materials specified |
Publisher description |
| Uniform Resource Identifier |
<a href="http://www.loc.gov/catdir/description/els051/2004556876.html">http://www.loc.gov/catdir/description/els051/2004556876.html</a> |
| 942 ## - ADDED ENTRY ELEMENTS (KOHA) |
| Institution code [OBSOLETE] |
SADA |
| Koha item type |
Book |
| Call number prefix |
307.1216 WAI 2004 |
| Source of classification or shelving scheme |
|